000
00255nam a2200097Ia 4500
001
696452
005
20250826162013.0
008
250824s9999 xx 000 0 und d
245
0
_a
Milli Savaş Hikayeleri
_c
Yakup Kadri Karaosmanoğlu
260
_b
İLETİŞİM
999
_c
696452
_d
696452